|
|
|
|
| LEADER |
00629cam a2200181 7i4500 |
| 001 |
0000051455 |
| 005 |
20180403090000.0 |
| 090 |
0 |
0 |
|a DS38.6
|b .M33 2012
|
| 100 |
1 |
|
|a Maalouf, Amin
|
| 245 |
1 |
4 |
|a The crusades through Arab eyes
|c Amin Maalouf ; translated by Jon Rothschild ; introduced by Malise Ruthven.
|
| 260 |
|
|
|a London:
|b Folio Society Ltd.,
|c 2012.
|
| 300 |
|
|
|a xxvii, 305 p.:
|b ill.;
|c 24 cm.
|
| 500 |
|
|
|a Gift: Zainol Ahmad Resource Center
|
| 650 |
0 |
0 |
|a Islamic Empire --
|x History
|
| 650 |
0 |
0 |
|a Crusades
|
| 700 |
1 |
|
|a Rothschild, Jon
|
| 700 |
1 |
|
|a Ruthven, Malise
|
| 999 |
|
|
|a 0000062515
|b BOK
|c OPEN SHELF
|e 1st Floor, Bestari Jaya
|